000
00327 a2200157 4500
001
174801
020
_a
040
_c
Magnum
100
_a
Masur, Jandira
240
1
0
_a
As caixas que andam
_l
por
245
1
0
_a
As caixas que andam
362
0
_a
1899
440
1
_a
Ática
697
_a
IJ/SOCIEDADE COTIDIANO
942
_c
BK
999
_c
174801
_d
174801